000
00312nam a22001337a 4500
008
180202b xxu||||| |||| 00| 0 eng d
020
_a
087371184X
041
_a
eng
080
_a
574
100
_a
9
101
_a
MJE
245
_a
Constructed Wetlands for Wastewater Treatment
_c
Hammer, D.A
942
_2
udc
_c
BK
999
_c
41655
_d
41655